000 00720nam a2200193 a 4500
001 000040739
005 20201002034338.0
008 130905s2012 ag c 000 0 spa d
040 _aDO-SdBNP
_bspa
_cBNPHU
082 _axxxx
_bxxxx
245 0 0 _aPlan de acción conjunto 2013-2015 para acelerar el desarrollo de la infraestructura de datos espaciales de las américas /
_cSantiago Borrero... [et.al].
260 _aBuenos Aires, :
_bIPGHI,
_c2012.
300 _a34 p. :
_bretr. ;
_c28 cm.
700 1 _aBorrero, Santiago
_967143
700 1 _aBrunini, Claudio
_967144
700 1 _aSouto Fortes, Luiz Paulo
_967145
700 1 _aPraag, Eric van
_967146
710 2 _aInstituto Panamericano de Geografía e Historia
_942637
999 _c40229
_d40229